000 00362nam a2200121Ia 4500
005 20251222141821.0
008 251222s9999||||xx |||||||||||||| ||spa||
082 _a370.985/S56/Ej.2
100 _aSime Poma, Luis
245 0 _aAportes para una Historia de la Educación Popular en el Perú
264 _bTarea, Asociación de Publicaciones Educativas
942 _cLIB
999 _c6804
_d6804